Voitures Nissan actuelles - Statistiques

Statistiques générales
  • Ce quiz a été pris 332 fois
    241 depuis la dernière actualisation
  • Le résultat moyen est 3 sur 9
Statistiques - réponses
Catégorie(s) Nissan Modèle % Correct
Particulier Juke
69%
Particulier Qashqai
67%
Particulier Micra
66%
Particulier / Electrique Leaf
49%
Utilitaire NV (250)
21%
Particulier / Electrique Ariya
20%
Particulier / Utilitaire Townstar
17%
Particulier / Utilitaire Primastar
13%
Utilitaire Interstar
10%
Aucun quiz correspondant
Distribution des résultats
% des personnes avec chaque résultat
Percentile par nombre de réponses
Votre historique - résultats
Vous n’avez pas pris ce quiz depuis la dernière actualisation